[Event "Australian-ch 2018"]
[Site "Sydney"]
[Date "2018.01.08"]
[Round "7.9"]
[White "Kargosha, Bahman"]
[Black "Leaver, Kyle"]
[Result "1/2-1/2"]
[WhiteElo "2210"]
[BlackElo "1973"]
[PlyCount "74"]
[EventDate "2018.01.02"]
[EventType "tourn"]
[EventCountry "AUS"]
[TimeControl "40/5400+30:1800+30"]
[WhiteClock "1:30:30"]
[BlackClock "1:30:30"]

1. d4 {[%emt 0:00:00]} Nf6 {[%emt 0:00:00]} 2. c4 {[%emt 0:00:30]} g6 {[%emt 0:00:30]} 3. Nc3 {[%emt 0:00:30]} d5 {[%emt 0:00:30]} 4. cxd5 {[%emt 0:00:30]} Nxd5 {[%emt 0:00:30]} 5. e4 {[%emt 0:00:30]} Nxc3 {[%emt 0:00:30]} 6. bxc3 {[%emt 0:00:30]} Bg7 {[%emt 0:00:30]} 7. Qa4+ {[%emt 0:00:30]} Nd7 {[%emt 0:00:30]} 8. Nf3 {[%emt 0:00:30]} O-O {[%emt 0:00:30]} 9. Be2 {[%emt 0:00:30]} c5 {[%emt 0:00:30]} 10. O-O {[%emt 0:00:30]} cxd4 {[%emt 0:00:30]} 11. cxd4 {[%emt 0:00:30]} Nc5 {[%emt 0:00:30]} 12. dxc5 {[%emt 0:00:30]} Bxa1 {[%emt 0:00:30]} 13. e5 {[%emt 0:00:30]} Bc3 {[%emt 0:00:30]} 14. Bh6 {[%emt 0:00:30]} Qa5 {[%emt 0:00:30]} 15. Qf4 {[%emt 0:00:30]} Qb4 {[%emt 0:00:30]} 16. Bc4 {[%emt 0:00:30]} Be6 {[%emt 0:00:30]} 17. Bxf8 {[%emt 0:00:30]} Rxf8 {[%emt 0:00:30]} 18. Qh6 {[%emt 0:00:30]} Bd2 {[%emt 0:00:30]} 19. Nxd2 {[%emt 0:00:30]} Bxc4 {[%emt 0:00:30]} 20. Ne4 {[%emt 0:00:30]} f6 {[%emt 0:00:30]} 21. exf6 {[%emt 0:00:30]} exf6 {[%emt 0:00:30]} 22. Rd1 {[%emt 0:00:30]} Bd5 {[%emt 0:00:30]} 23. Ng3 {[%emt 0:00:30]} Qxc5 {[%emt 0:00:30]} 24. h4 {[%emt 0:00:30]} Bc6 {[%emt 0:00:30]} 25. Qf4 {[%emt 0:00:30]} Qe5 {[%emt 0:00:30]} 26. Qc4+ {[%emt 0:00:30]} Kg7 {[%emt 0:00:30]} 27. h5 {[%emt 0:00:30]} Re8 {[%emt 0:00:30]} 28. Qc1 {[%emt 0:00:30]} gxh5 {[%emt 0:00:30]} 29. Qc4 {[%emt 0:00:30]} Qg5 {[%emt 0:00:30]} 30. Rd4 {[%emt 0:00:30]} Re5 {[%emt 0:00:30]} 31. Rh4 {[%emt 0:00:30]} Qg6 {[%emt 0:00:30]} 32. Kh2 {[%emt 0:00:30]} Qf7 {[%emt 0:00:30]} 33. Qf4 {[%emt 0:00:30]} Qg6 {[%emt 0:00:30]} 34. Qd4 {[%emt 0:00:30]} Qg5 {[%emt 0:00:30]} 35. Nxh5+ {[%emt 0:00:30]} Qxh5 {[%emt 0:00:30]} 36. Rxh5 {[%emt 0:00:30]} Rxh5+ {[%emt 0:00:30]} 37. Kg1 {[%emt 0:00:30]} Ra5 {[%emt 0:00:30]} 1/2-1/2

[Event "Australian-ch 2018"]
[Site "Sydney"]
[Date "2018.01.08"]
[Round "7.10"]
[White "Kethro, Michael"]
[Black "Huynh, Arthur"]
[Result "1/2-1/2"]
[WhiteElo "2195"]
[BlackElo "2042"]
[PlyCount "118"]
[EventDate "2018.01.02"]
[EventType "tourn"]
[EventCountry "AUS"]
[TimeControl "40/5400+30:1800+30"]
[WhiteClock "1:30:30"]
[BlackClock "1:30:30"]

1. Nf3 {[%emt 0:00:00]} d5 {[%emt 0:00:00]} 2. c4 {[%emt 0:00:30]} e6 {[%emt 0:00:30]} 3. b3 {[%emt 0:00:30]} Nf6 {[%emt 0:00:30]} 4. Bb2 {[%emt 0:00:30]} Be7 {[%emt 0:00:30]} 5. g3 {[%emt 0:00:30]} b6 {[%emt 0:00:30]} 6. Bg2 {[%emt 0:00:30]} Bb7 {[%emt 0:00:30]} 7. O-O {[%emt 0:00:30]} dxc4 {[%emt 0:00:30]} 8. bxc4 {[%emt 0:00:30]} c5 {[%emt 0:00:30]} 9. e3 {[%emt 0:00:30]} O-O {[%emt 0:00:30]} 10. Nc3 {[%emt 0:00:30]} Nc6 {[%emt 0:00:30]} 11. Qe2 {[%emt 0:00:30]} Rc8 {[%emt 0:00:30]} 12. Rad1 {[%emt 0:00:30]} Qc7 {[%emt 0:00:30]} 13. d3 {[%emt 0:00:30]} Rfd8 {[%emt 0:00:30]} 14. Ng5 {[%emt 0:00:30]} Rd7 {[%emt 0:00:30]} 15. f4 {[%emt 0:00:30]} Rcd8 {[%emt 0:00:30]} 16. a3 {[%emt 0:00:30]} Na5 {[%emt 0:00:30]} 17. g4 {[%emt 0:00:30]} Bxg2 {[%emt 0:00:30]} 18. Kxg2 {[%emt 0:00:30]} Qb7+ {[%emt 0:00:30]} 19. Kg1 {[%emt 0:00:30]} a6 {[%emt 0:00:30]} 20. Rf3 {[%emt 0:00:30]} b5 {[%emt 0:00:30]} 21. cxb5 {[%emt 0:00:30]} axb5 {[%emt 0:00:30]} 22. Nxf7 {[%emt 0:00:30]} Kxf7 {[%emt 0:00:30]} 23. g5 {[%emt 0:00:30]} Rxd3 {[%emt 0:00:30]} 24. gxf6 {[%emt 0:00:30]} Rxd1+ {[%emt 0:00:30]} 25. Nxd1 {[%emt 0:00:30]} Bxf6 {[%emt 0:00:30]} 26. Bxf6 {[%emt 0:00:30]} Kxf6 {[%emt 0:00:30]} 27. Rg3 {[%emt 0:00:30]} g6 {[%emt 0:00:30]} 28. Qg4 {[%emt 0:00:30]} Qd7 {[%emt 0:00:30]} 29. Nf2 {[%emt 0:00:30]} Kg7 {[%emt 0:00:30]} 30. Qg5 {[%emt 0:00:30]} Rf8 {[%emt 0:00:30]} 31. Qxc5 {[%emt 0:00:30]} Nc4 {[%emt 0:00:30]} 32. Qb4 {[%emt 0:00:30]} Qd2 {[%emt 0:00:30]} 33. Qe7+ {[%emt 0:00:30]} Rf7 {[%emt 0:00:30]} 34. Qxe6 {[%emt 0:00:30]} Qc1+ {[%emt 0:00:30]} 35. Kg2 {[%emt 0:00:30]} Qxa3 {[%emt 0:00:30]} 36. f5 {[%emt 0:00:30]} Qd6 {[%emt 0:00:30]} 37. Qxd6 {[%emt 0:00:30]} Nxd6 {[%emt 0:00:30]} 38. e4 {[%emt 0:00:30]} Re7 {[%emt 0:00:30]} 39. Rb3 {[%emt 0:00:30]} gxf5 {[%emt 0:00:30]} 40. exf5 {[%emt 0:00:30]} Kf6 {[%emt 0:00:30]} 41. Nd1 {[%emt 0:30:30]} Kxf5 {[%emt 0:30:30]} 42. Rd3 {[%emt 0:00:30]} Ke6 {[%emt 0:00:30]} 43. Nc3 {[%emt 0:00:30]} Rb7 {[%emt 0:00:30]} 44. Na2 {[%emt 0:00:30]} Ra7 {[%emt 0:00:30]} 45. Nb4 {[%emt 0:00:30]} Nc4 {[%emt 0:00:30]} 46. h4 {[%emt 0:00:30]} Rd7 {[%emt 0:00:30]} 47. Rxd7 {[%emt 0:00:30]} Kxd7 {[%emt 0:00:30]} 48. Kg3 {[%emt 0:00:30]} Ke6 {[%emt 0:00:30]} 49. Kf4 {[%emt 0:00:30]} Kf6 {[%emt 0:00:30]} 50. Kg4 {[%emt 0:00:30]} Kg6 {[%emt 0:00:30]} 51. Nd5 {[%emt 0:00:30]} Ne5+ {[%emt 0:00:30]} 52. Kf4 {[%emt 0:00:30]} Nc6 {[%emt 0:00:30]} 53. Kg4 {[%emt 0:00:30]} h5+ {[%emt 0:00:30]} 54. Kf4 {[%emt 0:00:30]} b4 {[%emt 0:00:30]} 55. Ke4 {[%emt 0:00:30]} b3 {[%emt 0:00:30]} 56. Nf4+ {[%emt 0:00:30]} Kh6 {[%emt 0:00:30]} 57. Kd3 {[%emt 0:00:30]} Nd4 {[%emt 0:00:30]} 58. Kc3 {[%emt 0:00:30]} Nf5 {[%emt 0:00:30]} 59. Kxb3 {[%emt 0:00:30]} Nxh4 {[%emt 0:00:30]} 1/2-1/2

[Event "Australian-ch 2018"]
[Site "Sydney"]
[Date "2018.01.08"]
[Round "7.11"]
[White "Ferozkohi, Ihsan"]
[Black "Zhang, Jilin"]
[Result "0-1"]
[WhiteElo "2130"]
[BlackElo "2267"]
[PlyCount "102"]
[EventDate "2018.01.02"]
[EventType "tourn"]
[EventCountry "AUS"]
[TimeControl "40/5400+30:1800+30"]
[WhiteClock "1:30:30"]
[BlackClock "1:30:30"]

1. Nf3 {[%emt 0:00:00]} Nf6 {[%emt 0:00:00]} 2. g3 {[%emt 0:00:30]} d5 {[%emt 0:00:30]} 3. d4 {[%emt 0:00:30]} c6 {[%emt 0:00:30]} 4. Bg2 {[%emt 0:00:30]} h6 {[%emt 0:00:30]} 5. Nbd2 {[%emt 0:00:30]} Bf5 {[%emt 0:00:30]} 6. O-O {[%emt 0:00:30]} e6 {[%emt 0:00:30]} 7. c4 {[%emt 0:00:30]} Be7 {[%emt 0:00:30]} 8. b3 {[%emt 0:00:30]} O-O {[%emt 0:00:30]} 9. Bb2 {[%emt 0:00:30]} Nbd7 {[%emt 0:00:30]} 10. Ne5 {[%emt 0:00:30]} Nxe5 {[%emt 0:00:30]} 11. dxe5 {[%emt 0:00:30]} Ne4 {[%emt 0:00:30]} 12. Nxe4 {[%emt 0:00:30]} dxe4 {[%emt 0:00:30]} 13. Qc1 {[%emt 0:00:30]} Qb6 {[%emt 0:00:30]} 14. e3 {[%emt 0:00:30]} Rfd8 {[%emt 0:00:30]} 15. Qc2 {[%emt 0:00:30]} Rd3 {[%emt 0:00:30]} 16. Rfd1 {[%emt 0:00:30]} Rad8 {[%emt 0:00:30]} 17. Bf1 {[%emt 0:00:30]} R3d7 {[%emt 0:00:30]} 18. Rxd7 {[%emt 0:00:30]} Rxd7 {[%emt 0:00:30]} 19. Rd1 {[%emt 0:00:30]} Rxd1 {[%emt 0:00:30]} 20. Qxd1 {[%emt 0:00:30]} Qd8 {[%emt 0:00:30]} 21. Qc2 {[%emt 0:00:30]} Qa5 {[%emt 0:00:30]} 22. a4 {[%emt 0:00:30]} Bb4 {[%emt 0:00:30]} 23. Bg2 {[%emt 0:00:30]} Qd8 {[%emt 0:00:30]} 24. Bf1 {[%emt 0:00:30]} Bg4 {[%emt 0:00:30]} 25. Be2 {[%emt 0:00:30]} Bxe2 {[%emt 0:00:30]} 26. Qxe2 {[%emt 0:00:30]} Qd3 {[%emt 0:00:30]} 27. Qxd3 {[%emt 0:00:30]} exd3 {[%emt 0:00:30]} 28. Kf1 {[%emt 0:00:30]} h5 {[%emt 0:00:30]} 29. f4 {[%emt 0:00:30]} c5 {[%emt 0:00:30]} 30. Kf2 {[%emt 0:00:30]} Kh7 {[%emt 0:00:30]} 31. e4 {[%emt 0:00:30]} d2 {[%emt 0:00:30]} 32. Ke2 {[%emt 0:00:30]} Kg8 {[%emt 0:00:30]} 33. h3 {[%emt 0:00:30]} Kf8 {[%emt 0:00:30]} 34. g4 {[%emt 0:00:30]} g6 {[%emt 0:00:30]} 35. Kd1 {[%emt 0:00:30]} Ke8 {[%emt 0:00:30]} 36. Ke2 {[%emt 0:00:30]} Kd7 {[%emt 0:00:30]} 37. Kd1 {[%emt 0:00:30]} Kc6 {[%emt 0:00:30]} 38. Kc2 {[%emt 0:00:30]} a6 {[%emt 0:00:30]} 39. Ba1 {[%emt 0:00:30]} b5 {[%emt 0:00:30]} 40. axb5+ {[%emt 0:00:30]} axb5 {[%emt 0:00:30]} 41. Bb2 {[%emt 0:30:30]} bxc4 {[%emt 0:30:30]} 42. bxc4 {[%emt 0:00:30]} Kb6 {[%emt 0:00:30]} 43. f5 {[%emt 0:00:30]} Ka5 {[%emt 0:00:30]} 44. fxg6 {[%emt 0:00:30]} fxg6 {[%emt 0:00:30]} 45. gxh5 {[%emt 0:00:30]} gxh5 {[%emt 0:00:30]} 46. h4 {[%emt 0:00:30]} Ka4 {[%emt 0:00:30]} 47. Ba1 {[%emt 0:00:30]} Ka3 {[%emt 0:00:30]} 48. Bb2+ {[%emt 0:00:30]} Ka2 {[%emt 0:00:30]} 49. Bd4 {[%emt 0:00:30]} cxd4 {[%emt 0:00:30]} 50. c5 {[%emt 0:00:30]} Bxc5 {[%emt 0:00:30]} 51. Kxd2 {[%emt 0:00:30]} Kb3 {[%emt 0:00:30]} 0-1

[Event "Australian-ch 2018"]
[Site "Sydney"]
[Date "2018.01.08"]
[Round "7.12"]
[White "Yang, Ray"]
[Black "Reilly, Tim"]
[Result "1-0"]
[WhiteElo "2003"]
[BlackElo "2169"]
[PlyCount "40"]
[EventDate "2018.01.02"]
[EventType "tourn"]
[EventCountry "AUS"]
[TimeControl "40/5400+30:1800+30"]
[WhiteClock "1:30:30"]
[BlackClock "1:30:30"]

1. d4 {[%emt 0:00:00]} d6 {[%emt 0:00:00]} 2. c4 {[%emt 0:00:30]} f5 {[%emt 0:00:30]} 3. Nc3 {[%emt 0:00:30]} Nf6 {[%emt 0:00:30]} 4. Nf3 {[%emt 0:00:30]} g6 {[%emt 0:00:30]} 5. g3 {[%emt 0:00:30]} Bg7 {[%emt 0:00:30]} 6. Bg2 {[%emt 0:00:30]} O-O {[%emt 0:00:30]} 7. O-O {[%emt 0:00:30]} c6 {[%emt 0:00:30]} 8. b4 {[%emt 0:00:30]} Qc7 {[%emt 0:00:30]} 9. Qb3 {[%emt 0:00:30]} Kh8 {[%emt 0:00:30]} 10. Ba3 {[%emt 0:00:30]} e5 {[%emt 0:00:30]} 11. dxe5 {[%emt 0:00:30]} dxe5 {[%emt 0:00:30]} 12. e4 {[%emt 0:00:30]} f4 {[%emt 0:00:30]} 13. b5 {[%emt 0:00:30]} Re8 {[%emt 0:00:30]} 14. Rad1 {[%emt 0:00:30]} Nh5 {[%emt 0:00:30]} 15. Bd6 {[%emt 0:00:30]} Qf7 {[%emt 0:00:30]} 16. bxc6 {[%emt 0:00:30]} Nxc6 {[%emt 0:00:30]} 17. Nd5 {[%emt 0:00:30]} Rd8 {[%emt 0:00:30]} 18. Ng5 {[%emt 0:00:30]} Qg8 {[%emt 0:00:30]} 19. Nc7 {[%emt 0:00:30]} Nd4 {[%emt 0:00:30]} 20. Rxd4 {[%emt 0:00:30]} exd4 {[%emt 0:00:30]} 1-0

[Event "Australian-ch 2018"]
[Site "Sydney"]
[Date "2018.01.08"]
[Round "7.13"]
[White "Asaka, Samuel"]
[Black "Winkelman, Albert"]
[Result "1-0"]
[WhiteElo "1959"]
[BlackElo "2017"]
[PlyCount "79"]
[EventDate "2018.01.02"]
[EventType "tourn"]
[EventCountry "AUS"]
[TimeControl "40/5400+30:1800+30"]
[WhiteClock "1:30:30"]
[BlackClock "1:30:30"]

1. d4 {[%emt 0:00:00]} Nf6 {[%emt 0:00:00]} 2. c4 {[%emt 0:00:30]} e6 {[%emt 0:00:30]} 3. g3 {[%emt 0:00:30]} d5 {[%emt 0:00:30]} 4. Nf3 {[%emt 0:00:30]} Be7 {[%emt 0:00:30]} 5. Bg2 {[%emt 0:00:30]} O-O {[%emt 0:00:30]} 6. O-O {[%emt 0:00:30]} dxc4 {[%emt 0:00:30]} 7. Qc2 {[%emt 0:00:30]} a6 {[%emt 0:00:30]} 8. a4 {[%emt 0:00:30]} Bd7 {[%emt 0:00:30]} 9. Qxc4 {[%emt 0:00:30]} Bc6 {[%emt 0:00:30]} 10. Bf4 {[%emt 0:00:30]} a5 {[%emt 0:00:30]} 11. Nc3 {[%emt 0:00:30]} Na6 {[%emt 0:00:30]} 12. Rac1 {[%emt 0:00:30]} Bd6 {[%emt 0:00:30]} 13. Bg5 {[%emt 0:00:30]} h6 {[%emt 0:00:30]} 14. Bxf6 {[%emt 0:00:30]} Qxf6 {[%emt 0:00:30]} 15. e4 {[%emt 0:00:30]} e5 {[%emt 0:00:30]} 16. Nd5 {[%emt 0:00:30]} Qe6 {[%emt 0:00:30]} 17. b3 {[%emt 0:00:30]} Rad8 {[%emt 0:00:30]} 18. Ne3 {[%emt 0:00:30]} Qxc4 {[%emt 0:00:30]} 19. Nxc4 {[%emt 0:00:30]} Bxe4 {[%emt 0:00:30]} 20. Nxd6 {[%emt 0:00:30]} Rxd6 {[%emt 0:00:30]} 21. dxe5 {[%emt 0:00:30]} Rd3 {[%emt 0:00:30]} 22. Ne1 {[%emt 0:00:30]} Rd4 {[%emt 0:00:30]} 23. Nc2 {[%emt 0:00:30]} Bxc2 {[%emt 0:00:30]} 24. Rxc2 {[%emt 0:00:30]} b6 {[%emt 0:00:30]} 25. Rc6 {[%emt 0:00:30]} Rfd8 {[%emt 0:00:30]} 26. Rb1 {[%emt 0:00:30]} Rd1+ {[%emt 0:00:30]} 27. Rxd1 {[%emt 0:00:30]} Rxd1+ {[%emt 0:00:30]} 28. Bf1 {[%emt 0:00:30]} Nc5 {[%emt 0:00:30]} 29. Rxc7 {[%emt 0:00:30]} Nxb3 {[%emt 0:00:30]} 30. Kg2 {[%emt 0:00:30]} Nc5 {[%emt 0:00:30]} 31. Bc4 {[%emt 0:00:30]} Ne6 {[%emt 0:00:30]} 32. Rc6 {[%emt 0:00:30]} Rd4 {[%emt 0:00:30]} 33. Bb5 {[%emt 0:00:30]} Nc5 {[%emt 0:00:30]} 34. Rxb6 {[%emt 0:00:30]} Nxa4 {[%emt 0:00:30]} 35. Ra6 {[%emt 0:00:30]} Nc3 {[%emt 0:00:30]} 36. Rxa5 {[%emt 0:00:30]} Nxb5 {[%emt 0:00:30]} 37. Rxb5 {[%emt 0:00:30]} g5 {[%emt 0:00:30]} 38. h3 {[%emt 0:00:30]} Kg7 {[%emt 0:00:30]} 39. Kf3 {[%emt 0:00:30]} Kg6 {[%emt 0:00:30]} 40. Rb6+ {[%emt 0:00:30] loss on time} 1-0

[Event "Australian-ch 2018"]
[Site "Sydney"]
[Date "2018.01.08"]
[Round "7.14"]
[White "O'Connell, Kevin J"]
[Black "Loh, Zachary"]
[Result "1/2-1/2"]
[WhiteElo "2328"]
[BlackElo "2193"]
[PlyCount "97"]
[EventDate "2018.01.02"]
[EventType "tourn"]
[EventCountry "AUS"]
[TimeControl "40/5400+30:1800+30"]
[WhiteClock "1:30:30"]
[BlackClock "1:30:30"]

1. e4 {[%emt 0:00:00]} c5 {[%emt 0:00:00]} 2. Nf3 {[%emt 0:00:30]} d6 {[%emt 0:00:30]} 3. d4 {[%emt 0:00:30]} cxd4 {[%emt 0:00:30]} 4. Nxd4 {[%emt 0:00:30]} Nf6 {[%emt 0:00:30]} 5. Nc3 {[%emt 0:00:30]} a6 {[%emt 0:00:30]} 6. Bg5 {[%emt 0:00:30]} Nbd7 {[%emt 0:00:30]} 7. Bc4 {[%emt 0:00:30]} e6 {[%emt 0:00:30]} 8. Bb3 {[%emt 0:00:30]} Qc7 {[%emt 0:00:30]} 9. Qe2 {[%emt 0:00:30]} b5 {[%emt 0:00:30]} 10. a3 {[%emt 0:00:30]} Be7 {[%emt 0:00:30]} 11. Bxe6 {[%emt 0:00:30]} fxe6 {[%emt 0:00:30]} 12. Nxe6 {[%emt 0:00:30]} Qc4 {[%emt 0:00:30]} 13. Qxc4 {[%emt 0:00:30]} bxc4 {[%emt 0:00:30]} 14. Nc7+ {[%emt 0:00:30]} Kd8 {[%emt 0:00:30]} 15. Ne6+ {[%emt 0:00:30]} Ke8 {[%emt 0:00:30]} 16. Nc7+ {[%emt 0:00:30]} Kd8 {[%emt 0:00:30]} 17. Nxa8 {[%emt 0:00:30]} Bb7 {[%emt 0:00:30]} 18. O-O-O {[%emt 0:00:30]} Bxa8 {[%emt 0:00:30]} 19. Rd4 {[%emt 0:00:30]} Rf8 {[%emt 0:00:30]} 20. Rxc4 {[%emt 0:00:30]} h6 {[%emt 0:00:30]} 21. Bh4 {[%emt 0:00:30]} g5 {[%emt 0:00:30]} 22. Bg3 {[%emt 0:00:30]} Ng4 {[%emt 0:00:30]} 23. f3 {[%emt 0:00:30]} Nge5 {[%emt 0:00:30]} 24. Ra4 {[%emt 0:00:30]} Bb7 {[%emt 0:00:30]} 25. Nd5 {[%emt 0:00:30]} Bxd5 {[%emt 0:00:30]} 26. exd5 {[%emt 0:00:30]} Nc5 {[%emt 0:00:30]} 27. Rb4 {[%emt 0:00:30]} Rf5 {[%emt 0:00:30]} 28. Kb1 {[%emt 0:00:30]} a5 {[%emt 0:00:30]} 29. Rb8+ {[%emt 0:00:30]} Kc7 {[%emt 0:00:30]} 30. Rh8 {[%emt 0:00:30]} Bf6 {[%emt 0:00:30]} 31. Bxe5 {[%emt 0:00:30]} Bxe5 {[%emt 0:00:30]} 32. Rxh6 {[%emt 0:00:30]} Na4 {[%emt 0:00:30]} 33. c3 {[%emt 0:00:30]} Bf4 {[%emt 0:00:30]} 34. Rd1 {[%emt 0:00:30]} Be5 {[%emt 0:00:30]} 35. Kc2 {[%emt 0:00:30]} Rf7 {[%emt 0:00:30]} 36. h3 {[%emt 0:00:30]} Kb6 {[%emt 0:00:30]} 37. c4 {[%emt 0:00:30]} Rf4 {[%emt 0:00:30]} 38. b3 {[%emt 0:00:30]} Nc5 {[%emt 0:00:30]} 39. Re1 {[%emt 0:00:30]} Kb7 {[%emt 0:00:30]} 40. Rh7+ {[%emt 0:00:30]} Kb6 {[%emt 0:00:30]} 41. Re7 {[%emt 0:30:30]} a4 {[%emt 0:30:30]} 42. bxa4 {[%emt 0:00:30]} Rxc4+ {[%emt 0:00:30]} 43. Kd1 {[%emt 0:00:30]} Bg3 {[%emt 0:00:30]} 44. R1e2 {[%emt 0:00:30]} Nxa4 {[%emt 0:00:30]} 45. Rc2 {[%emt 0:00:30]} Rd4+ {[%emt 0:00:30]} 46. Rd2 {[%emt 0:00:30]} Rc4 {[%emt 0:00:30]} 47. Rc2 {[%emt 0:00:30]} Rd4+ {[%emt 0:00:30]} 48. Rd2 {[%emt 0:00:30]} Rc4 {[%emt 0:00:30]} 49. Rc2 {[%emt 0:00:30]} 1/2-1/2

[Event "Australian-ch 2018"]
[Site "Sydney"]
[Date "2018.01.08"]
[Round "7.15"]
[White "Hardegen, Andrew"]
[Black "Willathgamuwa, Kevin"]
[Result "1/2-1/2"]
[WhiteElo "1999"]
[BlackElo "2113"]
[PlyCount "50"]
[EventDate "2018.01.02"]
[EventType "tourn"]
[EventCountry "AUS"]
[TimeControl "40/5400+30:1800+30"]
[WhiteClock "1:30:30"]
[BlackClock "1:30:30"]

1. d4 {[%emt 0:00:00]} d5 {[%emt 0:00:00]} 2. c4 {[%emt 0:00:30]} c6 {[%emt 0:00:30]} 3. Nf3 {[%emt 0:00:30]} Nf6 {[%emt 0:00:30]} 4. Nc3 {[%emt 0:00:30]} e6 {[%emt 0:00:30]} 5. e3 {[%emt 0:00:30]} Be7 {[%emt 0:00:30]} 6. Qc2 {[%emt 0:00:30]} O-O {[%emt 0:00:30]} 7. Bd3 {[%emt 0:00:30]} Nbd7 {[%emt 0:00:30]} 8. O-O {[%emt 0:00:30]} b6 {[%emt 0:00:30]} 9. e4 {[%emt 0:00:30]} dxe4 {[%emt 0:00:30]} 10. Nxe4 {[%emt 0:00:30]} Bb7 {[%emt 0:00:30]} 11. Bf4 {[%emt 0:00:30]} Nxe4 {[%emt 0:00:30]} 12. Bxe4 {[%emt 0:00:30]} Nf6 {[%emt 0:00:30]} 13. Be5 {[%emt 0:00:30]} Nxe4 {[%emt 0:00:30]} 14. Qxe4 {[%emt 0:00:30]} Bf6 {[%emt 0:00:30]} 15. Rfd1 {[%emt 0:00:30]} Rc8 {[%emt 0:00:30]} 16. c5 {[%emt 0:00:30]} Qd5 {[%emt 0:00:30]} 17. Qxd5 {[%emt 0:00:30]} exd5 {[%emt 0:00:30]} 18. Bxf6 {[%emt 0:00:30]} gxf6 {[%emt 0:00:30]} 19. Re1 {[%emt 0:00:30]} Rfe8 {[%emt 0:00:30]} 20. Rxe8+ {[%emt 0:00:30]} Rxe8 {[%emt 0:00:30]} 21. Re1 {[%emt 0:00:30]} Re6 {[%emt 0:00:30]} 22. b4 {[%emt 0:00:30]} Ba6 {[%emt 0:00:30]} 23. a4 {[%emt 0:00:30]} b5 {[%emt 0:00:30]} 24. a5 {[%emt 0:00:30]} Bc8 {[%emt 0:00:30]} 25. h3 {[%emt 0:00:30]} Kg7 {[%emt 0:00:30]} 1/2-1/2

[Event "Australian-ch 2018"]
[Site "Sydney"]
[Date "2018.01.08"]
[Round "7.16"]
[White "Wright, Neil"]
[Black "Mcnamara, Gary"]
[Result "1-0"]
[WhiteElo "2126"]
[BlackElo "2134"]
[PlyCount "37"]
[EventDate "2018.01.02"]
[EventType "tourn"]
[EventCountry "AUS"]
[TimeControl "40/5400+30:1800+30"]
[WhiteClock "1:30:30"]
[BlackClock "1:30:30"]

1. e4 {[%emt 0:00:00]} e5 {[%emt 0:00:00]} 2. Nf3 {[%emt 0:00:30]} Nf6 {[%emt 0:00:30]} 3. d4 {[%emt 0:00:30]} Nxe4 {[%emt 0:00:30]} 4. Bd3 {[%emt 0:00:30]} d5 {[%emt 0:00:30]} 5. Nxe5 {[%emt 0:00:30]} Nd7 {[%emt 0:00:30]} 6. Bf4 {[%emt 0:00:30]} Ndf6 {[%emt 0:00:30]} 7. O-O {[%emt 0:00:30]} Be7 {[%emt 0:00:30]} 8. Re1 {[%emt 0:00:30]} O-O {[%emt 0:00:30]} 9. c4 {[%emt 0:00:30]} Nd6 {[%emt 0:00:30]} 10. Nd2 {[%emt 0:00:30]} Nf5 {[%emt 0:00:30]} 11. Ndf3 {[%emt 0:00:30]} c5 {[%emt 0:00:30]} 12. dxc5 {[%emt 0:00:30]} Bxc5 {[%emt 0:00:30]} 13. Qc2 {[%emt 0:00:30]} g6 {[%emt 0:00:30]} 14. Bg5 {[%emt 0:00:30]} h6 {[%emt 0:00:30]} 15. Bxf6 {[%emt 0:00:30]} Qxf6 {[%emt 0:00:30]} 16. cxd5 {[%emt 0:00:30]} Bb4 {[%emt 0:00:30]} 17. Re4 {[%emt 0:00:30]} Bd6 {[%emt 0:00:30]} 18. Rae1 {[%emt 0:00:30]} Rd8 {[%emt 0:00:30]} 19. Ng4 {[%emt 0:00:30]} 1-0

[Event "Australian-ch 2018"]
[Site "Sydney"]
[Date "2018.01.09"]
[Round "8"]
[White "Smirnov, Anton"]
[Black "Izzat, Kanan"]
[Result "1/2-1/2"]
[WhiteElo "2527"]
[BlackElo "2487"]
[PlyCount "88"]
[EventDate "2018.01.02"]
[EventType "tourn"]
[EventCountry "AUS"]

{[%evp 14,88,27,21,73,58,76,72,78,76,74,82,66,72,70,61,56,0,8,0,5,-50,-53,-59,-41,-44,-49,-43,-50,-52,-41,-46,-9,-27,-18,-23,-10,-30,-37,-41,-42,-33,-41,-62,-56,-60,-32,-45,-43,-65,0,0,0,0,0,0,0,0,0,0,0,0,0,-85,-8,-35,-33,-51,-22,-28,0,0,0,-33,-37,-43,0]} 1. e4 c5 2. Nf3 Nc6 3. d4 cxd4 4. Nxd4 Qb6 5. Nb3 Nf6 6. Nc3 e6 7. Qe2 Bb4 {B33: Sizilianisch (Lasker/Pelikan/Sweschnikow-Variante)} (7... Qc7 8. f4 Bb4 9. Bd2 Bxc3 10. bxc3 d6 11. g4 b6 12. Bg2 Bb7 13. g5 Nd7 14. h4 Na5 15. Nxa5 bxa5 {1-0 (38) Kramnik,V (2812)-Fressinet,L (2687) Paris 2016}) 8. Bd2 {LiveBook: 294 Partien} e5 (8... O-O $11) 9. Nd5 $146 ({Vorgänger:} 9. O-O-O O-O 10. a3 Bxc3 11. Bxc3 Ne8 12. Nd2 Qc7 13. Nc4 b5 14. Ne3 Rb8 15. Nd5 {1-0 (37) Szabo,K (2469)-Gara,A (2367) Hungary 2006}) 9... Bxd2+ {Weiß steht etwas besser.} 10. Qxd2 Qd8 11. Nxf6+ Qxf6 12. O-O-O O-O 13. Qd6 Qf4+ 14. Kb1 Qxe4 15. Nc5 (15. Bd3 $5 {[%cal Rd3e4]} Qh4 16. Nd2 $14) 15... Qg6 16. Bc4 Rd8 17. f4 (17. Qxg6 $11 hxg6 18. Rd6) 17... Qxd6 $15 18. Rxd6 Kf8 19. Ne4 exf4 20. Rf1 Ne5 21. Bd5 Ke7 22. Rxf4 Rb8 23. g4 {Droht stark Tf5.} h6 24. h4 Rf8 25. Bb3 b5 26. Rd4 Rb6 27. Nc3 {[#] Und weiter mit Sd5+ wäre nett.} Bb7 28. a4 bxa4 29. Rxa4 a6 30. g5 hxg5 31. hxg5 Rc8 (31... Nf3 $15) 32. Ra5 $11 d6 {[%cal Bd7d6,Bd6e5][%mdl 32]} 33. Rxe5+ dxe5 34. Rxf7+ Kd8 35. Rxg7 Rc7 36. Rg8+ Ke7 37. Ka2 Rb4 38. Nd1 {[#]} (38. Rg7+ $11 {bleibt in der Remisbreite.} Kd6 39. Rg6+ Ke7 40. Rg7+ Kd6 41. Rg6+ Kc5 42. Na4+ Kb5 43. Ka3) 38... Be4 (38... Rc5 $1 $17 {...Ld5 ist eine echte Drohung.} 39. Rg7+ Kd8) 39. Ne3 Rc5 {Und ...Ta5+ würde nun gewinnen.} 40. Ka3 Rb6 41. Rg7+ Kf8 42. Rg8+ Ke7 43. Rg7+ Kd8 44. Rg8+ Ke7 {Precision: Weiß = 60%, Schwarz = 71%.} 1/2-1/2